| 000 | 00930nam a2200289 i 4500 | ||
|---|---|---|---|
| 001 | 000004424 | ||
| 003 | DO-SdBNP | ||
| 005 | 20231019120014.0 | ||
| 008 | 910702s1994 sp 000 f spa | ||
| 040 |
_aDO-SdBNP _bspa _cBNPHU _erda |
||
| 082 |
_a823.9 _bH145m _222 |
||
| 100 | 1 |
_aHaggard, Henry Rider, _d1856-1925. _qHenry Rider. _912999 |
|
| 245 | 1 | 4 |
_aLas minas del rey Salomón / _cRider Haggard H.; ilustraciones de A. Centerio |
| 264 |
_aSanto Domingo : _bTobagan, _c1994. |
||
| 300 |
_a95 paginas. ; _c18 cm. |
||
| 336 |
_2rdacontent _atexto _btxt |
||
| 337 |
_2rdamedia _asin mediación _bn |
||
| 338 |
_2rdacarrier _avolumen _bnc |
||
| 490 | 1 | _aClásicos universales | |
| 590 | _aInventariado, 2023 / DG | ||
| 650 | 4 |
_aNovela inglesa _91071 |
|
| 650 | 4 |
_aLiteratura inglesa _9498 |
|
| 700 | 1 |
_aCenteno, A. _eilustraciones _913000 |
|
| 830 | 0 |
_aLibro Joven de Bolsillo _v55 _913001 |
|
| 910 | _aDG | ||
| 942 |
_2ddc _cLBS1 |
||
| 999 |
_c55196 _d55196 |
||